| 000 | 01816nam0a2200373 4500 | ||
|---|---|---|---|
| 001 | RU\NLR\bibl\311452 | ||
| 005 | 20250621140511.0 | ||
| 010 |
_a5-8158-0169-0 _9200 |
||
| 021 |
_aRU _b2002-27733 _91376 |
||
| 035 | _a(NLR Aleph) 000306581 | ||
| 090 |
_a19172 _c19172 |
||
| 100 | _a20020923d2002 |||y0rusy50 ca | ||
| 101 | 0 | _arus | |
| 102 | _aRU | ||
| 105 | _aa ||||||||| | ||
| 200 | 1 |
_aЭлектробезопасность _eЗаземляющие устройства лесопромышленных объектов _e[Учеб. пособие для специальности 260100] _fЮ. Ф. Кичкин _gМ-во образования Рос. Федерации, Марийс. гос. техн. ун-т |
|
| 210 |
_aЙошкар-Ола _cМарГТУ _d2002 |
||
| 215 |
_a70 с. _cил. _d20 |
||
| 313 | _aТеория, устройство и т.п. в общем виде - специфики нет. | ||
| 320 | _aБиблиогр.: с. 67-68 | ||
| 606 | 0 |
_aЗаземляющие устройства _jРуководства, пособия и т.п. для высшей школы _91224275 _3RU\NLR\auth\66180274 |
|
| 606 | 0 |
_aЗаземляющие устройства _jУчебные издания для высшей школы _91224275 _3RU\NLR\auth\66180274 |
|
| 610 | 0 | _aЛесная промышленность, предприятия - Электрооборудование - Заземление | |
| 675 |
_a630.79:621.316.99:621.34.58(075.8) _v3 _zrus |
||
| 686 |
_a68.47 _2rugasnti |
||
| 686 |
_a65.247я73 _2rubbk |
||
| 686 | _aЗ29-54я73-1 | ||
| 700 | 1 |
_aКичкин _bЮ. Ф. _gЮрий Федорович _4070 |
|
| 801 | 0 |
_aRU _bRKP _c20020923 _gPSBO |
|
| 801 | 1 |
_aRU _bRKP _c20020923 |
|
| 801 | 2 |
_aRU _bNLR _c20021011 _grcr |
|
| 942 | _cBOOK | ||
| 980 | _aNB | ||